Open Data Biblioteca Nacional de Portugal


República Portuguesa: Ministério da Cultura
Biblioteca Nacional de Portugal

Catálogo da BNP: acesso por Identificadores Unívocos
Registos Bibliográficos associados ao registo de autoridade

Etiqueta de registo: 00000nam 2200025 450
001 2010629
003 http://id.bnportugal.gov.pt/bib/catbnp/2010629
010 ## $a978-989-8503-98-5
021 ## $aPT$b431465/17
100 ## $a20190109d2017 c b0pory01030103ba
101 0# $apor
102 ## $aPT
105 ## $aa z 000fy
106 ## $ar
200 1# $a A cestinha cintilante$fSofia Mariana Pereira Henriques$gil. Filipa Moreira Silva
210 #9 $aCâmara de Lobos$cO Liberal,$dD.L. 2017
215 ## $a45, [6] p.$cil.$d22 cm
675 ## $a087.5$vBN$zpor$3287999
675 ## $a821.134.3-93"20"$vBN$zpor$31046482
675 ## $a821.134.3-34"20"$vBN$zpor$31018838
700 #1 $aHenriques,$bSofia Mariana Pereira,$f1984-$31737557
702 #1 $aSilva,$bFilipa Moreira$4440$31737558
801 #0 $aPT$bBN$gRPC
856 41 $uhttp://rnod.bnportugal.gov.pt/ImagesBN/winlibimg.aspx?skey=&doc=2010629&img=119286&save=true
900 ## $aBIBNAC$d20190117
966 ## $lBN$mFGMON$sP. 52242 V.$x1
966 ## $lBN$mFGMON$sP. 52242 V.-D$x1

Etiqueta de registo: 00000nam 2200025 450
001 2283145
003 http://id.bnportugal.gov.pt/bib/catbnp/2283145
010 ## $a978-989-53447-3-4
021 ## $aPT$b518776/23
100 ## $a20260327d2023 c b0pory01030103ba
101 0# $apor
102 ## $aPT
105 ## $aa z 000fy
106 ## $ar
200 1# $a A ilha dos girassóis$fSofia Mariana Pereira Henriques$gil. Paula Sofia Faria
210 #9 $aCâmara de Lobos$cO Liberal,$d2023
215 ## $a[48] p.$cil.$d23 cm
700 #1 $aHenriques,$bSofia Mariana Pereira,$f1984-$31737557
702 #1 $aMoreira,$bSofia$4440$31594216
801 #0 $aPT$bBN$gRPC
966 ## $lBN$mFGMON$x1
966 ## $lBN$mFGMON$x1
971 ## $ccsilva$d20260327

OpendataBNP@bnportugal.pt | Mais informação sobre acesso aos dados BNP